QUEST Central Library Banner

Basic electronic fields (Record no. 12576)

MARC details
000 -LEADER
fixed length control field 00228nam a22001097a 4500
082 ## - DEWEY DECIMAL CLASSIFICATION NUMBER
Classification number 621.3NEF
100 ## - MAIN ENTRY--AUTHOR NAME
Personal name Neff Herbert P
245 ## - TITLE STATEMENT
Title Basic electronic fields
260 ## - PUBLICATION, DISTRIBUTION, ETC. (IMPRINT)
Place of publication London
Name of publisher Harppar
Year of publication 1981
300 ## - PHYSICAL DESCRIPTION
Number of Pages 600
942 ## - ADDED ENTRY ELEMENTS (KOHA)
Koha item type Books
Holdings
Withdrawn status Lost status Home library Current library Date acquired Cost, normal purchase price Full call number Accession Number Koha item type
    Central Library, QUEST, Nawabshah Central Library, QUEST Campus, Larkano 10/03/2015 512.55 621.3NEF 8023 Books

Copyright © 2018,The QUEST, Nawabshah, Shaheed Benazirabad. All rights reserved
Mr. G. Farooq Channar (Librarian) QUEST, Nawabshah, Sindh, Pakistan 67480.
 Ph#: |   0244-9370381-4 Ext. 2308   Email| lib@quest.edu.pk   Web|  http://www.quest.edu.pk